000 01121cam a2200349 4500
001 J92885
008 090401t1998 xxu||||| |||| 00| 0 eng d
020 _a0951486683
035 _a(Sirsi) u87423
041 _aeng
050 _a690.026
245 _aNew horizons in construction law.
260 _aLondon
_bConstruction Law Press
_c1998
300 _axxi,415p. ; 23cm.
350 _a40
520 _aBased on the proceedings of the annual conference organised by the Centre of Construction Law and Management at King`s College, London.
650 _aALTERNATIVE DISPUTE RESOLUTION
650 _aMANAGEMENT-DISPUTE AVOIDANCE, MANAGEMENT AND RESOLUTION-DISPUTE MANAGEMENT AND RESOLUTION-ARBITRATION
650 _aCOMMERCIAL LAW
650 _aCONSTRUCTION LAW
650 _aLIQUIDATED DAMAGES
650 _aLOSS
650 _aPARTNERING
650 _aPRIVATE FINANCE INITIATIVE
650 _aProcurement-old
650 _aREGULATED INDUSTRIES
690 _aBUILT ENVIRONMENT
700 _aUff, John
_xEditor
700 _aOdams de Zylva, Martin
_xEditor
942 _n0
948 _c16/07/1998
999 _c97238
_d97238